EMBRYOLOGY (Record no. 14704)
[ view plain ]
| 000 -LEADER | |
|---|---|
| fixed length control field | 00346nam a22001577a 4500 |
| 003 - CONTROL NUMBER IDENTIFIER | |
| control field | SGT |
| 020 ## - INTERNATIONAL STANDARD BOOK NUMBER | |
| International Standard Book Number | 978-93-5250-159-5 |
| 082 ## - DEWEY DECIMAL CLASSIFICATION NUMBER | |
| Classification number | 612.64 |
| Item number | E16K |
| 100 ## - MAIN ENTRY--PERSONAL NAME | |
| Personal name | KULKARNI,ROOPA |
| 245 ## - TITLE STATEMENT | |
| Title | EMBRYOLOGY |
| 250 ## - EDITION STATEMENT | |
| Edition statement | 2ND |
| 260 ## - PUBLICATION, DISTRIBUTION, ETC. (IMPRINT) | |
| Place of publication, distribution, etc | NEW DELHI |
| Name of publisher, distributor, etc | THE HEALTH SCIENCE , JAYPEE PUB |
| Year of Publication | 2016 |
| 300 ## - PAGE DESCRIPTION | |
| No. of Pages | 216 |
| 650 ## - SUBJECT ADDED ENTRY--TOPICAL TERM | |
| Topical term or geographic name as entry element | AYURVEDA |
| 942 ## - ADDED ENTRY ELEMENTS (KOHA) | |
| Source of classification or shelving scheme | Dewey Decimal Classification |
| Koha item type | Books |
| Withdrawn status | Lost status | Source of classification or shelving scheme | Damaged status | Not for loan | Collection code | Home library | Current library | Shelving location | Date acquired | Vendor Name | Cost, normal purchase price | SGTU | Bill Number | Total Checkouts | Full call number | Accession No. (Barcode) | Date last seen | Bill Date | Koha item type |
|---|---|---|---|---|---|---|---|---|---|---|---|---|---|---|---|---|---|---|---|
| Dewey Decimal Classification | AYURVEDA | SGT FA-FP Library | SGT FA-FP Library | Text Book | 24/01/2018 | AHUJA PUB | 450.00 | SGTU | 9136 | 612.64 E16K | FA7772 | 24/01/2018 | 04/01/2018 | Books | |||||
| Dewey Decimal Classification | AYURVEDA | SGT FA-FP Library | SGT FA-FP Library | Text Book | 24/01/2018 | AHUJA PUB | 450.00 | SGTU | 9136 | 612.64 E16K | FA7773 | 24/01/2018 | 04/01/2018 | Books | |||||
| Dewey Decimal Classification | AYURVEDA | SGT FA-FP Library | SGT FA-FP Library | Text Book | 24/01/2018 | AHUJA PUB | 450.00 | SGTU | 9136 | 612.64 E16K | FA7774 | 24/01/2018 | 04/01/2018 | Books | |||||
| Dewey Decimal Classification | AYURVEDA | SGT FA-FP Library | SGT FA-FP Library | Text Book | 24/01/2018 | AHUJA PUB | 450.00 | SGTU | 9136 | 612.64 E16K | FA7775 | 24/01/2018 | 04/01/2018 | Books |